Ministrowie Zdrowia III RP - Statystyki

Ogólne statystyki
  • Ten quiz został rozwiązany 18 razy
  • Średni wynik to 5 z 25
Statystyki odpowiedzi
Imię i Nazwisko Partia Czas Urzędowania Rząd % Poprawnych
Zbigniew Religa Centrum / SKL 2005 - 2007 Rząd Marcinkiewicza / Kaczyńskiego
79%
Ewa Kopacz PO 2007 - 2011 Pierwszy Rząd Tuska
71%
Adam Niedzielski bezpartyjny 2020 - 2023 Drugi Rząd Morawieckiego
57%
Łukasz Szumowski bezpartyjny 2018 - 2020 Pierwszy i Drugi Rząd Morawieckiego
57%
Bartosz Arłukowicz PO 2011 - 2015 Drugi Rząd Tuska / Rząd Kopacz
50%
Izabela Leszczyna PO 2023 - 2025 Trzeci Rząd Tuska
50%
Andrzej Kosiniak-Kamysz PSL 1989 - 1991 Rząd Mazowieckiego
36%
Konstanty Radziwiłł PiS 2015 - 2018 Rząd Szydło / Pierwszy Rząd Morawieckiego
29%
Jolanta Sobierańska-Grenda bezpartyjna 2025 - nadal Trzeci Rząd Tuska
21%
Katarzyna Sójka PiS 2023 - 2023 Drugi Rząd Morawieckiego
21%
Marek Balicki bezpartyjny 2003 - 2003 Rząd Millera
14%
Marek Balicki SDPL 2004 - 2005 Drugi Rząd Belki
14%
Marian Zembala bezpartyjny 2015 - 2015 Rząd Kopacz
14%
Mariusz Łapiński SLD 2001 - 2003 Rząd Millera
14%
Leszek Sikorski SLD 2003 - 2004 Rząd Millera
7%
Andrzej Wojtyła SLCh 1992 - 1993 Rząd Suchockiej
0%
Ewa Krajewska bezpartyjna 2023 - 2023 Trzeci Rząd Morawieckiego
0%
Franciszka Cegielska Ruch Stu 1999 - 2000 Rząd Buzka
0%
Grzegorz Opala RS AWS 2000 - 2001 Rząd Buzka
0%
Marian Czakański bezpartyjny 2004 - 2004 Drugi Rząd Belki
0%
Marian Miśkiewicz bezpartyjny 1991 - 1992 Rząd Olszewskiego
0%
Ryszard Żochowski SLD 1993 - 1997 Rząd Pawlaka / Oleksego / Cimoszewicza
0%
Władysław Sidorowicz bezpartyjny 1991 - 1991 Rząd Bieleckiego
0%
Wojciech Maksymowicz AWS 1997 - 1999 Rząd Buzka
0%
Wojciech Rudnicki bezpartyjny 2004 - 2004 Pierwszy Rząd Belki
0%
Nie znaleziono quizów pasujących do podanych kryteriów
Rozkład punktacji
Procent ludzi z każdym wynikiem
Percentyl według liczby udzielonych odpowiedzi
Twoja historia wyników
Nie rozwiązałeś tego quizu